TOP 10 des meilleurs rappeurs français de la nouvelle génération - Statistiques

Statistiques générales
  • Ce quiz a été pris 1 375 fois
  • Le résultat moyen est 5 sur 10
Statistiques - réponses
TOP Rappeurs % Correct
1 JUL
91%
3 Ninho
81%
7 PNL
61%
5 Niska
59%
9 SCH
57%
2 Gazo
56%
8 Koba laD
43%
4 Naps
34%
6 Nekfeu
34%
10 Naza
10%
Aucun quiz correspondant
Distribution des résultats
% des personnes avec chaque résultat
Percentile par nombre de réponses
Votre historique - résultats
Vous n’avez pas pris ce quiz